[Event "Heusenstamm Schloss op 1st"]
[Site "Heusenstamm"]
[Date "2014.11.21"]
[Round "3"]
[White "Pruemm, Stephan"]
[Black "Keller, Alexander"]
[Result "1-0"]
[WhiteElo "1342"]
[BlackElo "1963"]
[PlyCount "75"]
[EventDate "2014.11.20"]
[EventType "swiss"]
[EventRounds "7"]
[EventCountry "GER"]
[SourceTitle "CBM 163 Extra"]
[Source "ChessBase"]
[SourceDate "2014.12.23"]
[SourceVersion "1"]
[SourceVersionDate "2014.12.23"]
[SourceQuality "1"]

1. e4 c5 2. Nc3 Nc6 3. f4 d6 4. Bb5 Bd7 5. Bxc6 Bxc6 6. Nf3 e6 7. d3 Nf6 8. 0-0 Qb6 9. Qe1 0-0-0 10. a4 h6 11. b3 Be7 12. Bd2 Nh7 13. Nb5 Rd7 14. Bc3 Rg8 15. Nd2 Kb8 16. Nc4 Qd8 17. Qc1 f6 18. b4 d5 19. Nd2 dxe4 20. Nxe4 cxb4 21. Be1 f5 22. Qe3 b6 23. Nd2 Bd5 24. Rb1 Nf6 25. Nf3 Ng4 26. Qe2 Re8 27. h3 Bxf3 28. Rxf3 Nf6 29. Bxb4 Bxb4 30. Rxb4 a6 31. Qe5+ Kb7 32. Na3 Rd5 33. Qe3 Rc5 34. Nc4 Nd5 35. Qxc5 Ka7 36. Nxb6 Nxb4 37. Nd5+ Ka8 38. Nxb4 1-0